We're going on a dinosaur dig / (Record no. 5311)

MARC details
000 -LEADER
fixed length control field 00913nam a22003017a 4500
001 - CONTROL NUMBER
control field 5311
003 - CONTROL NUMBER IDENTIFIER
control field FISKH
005 - DATE AND TIME OF LATEST TRANSACTION
control field 20241125154733.0
008 - FIXED-LENGTH DATA ELEMENTS--GENERAL INFORMATION
fixed length control field 241125b cb ||||| |||| 00| 0 eng d
020 ## - INTERNATIONAL STANDARD BOOK NUMBER
International Standard Book Number 9781618102997
040 ## - CATALOGING SOURCE
Original cataloging agency FISKH
Language of cataloging eng
Transcribing agency FISKH
Modifying agency FISKH
050 ## - LIBRARY OF CONGRESS CALL NUMBER
Classification number S944
082 ## - DEWEY DECIMAL CLASSIFICATION NUMBER
Classification number 823
100 ## - MAIN ENTRY--PERSONAL NAME
Personal name Suen, Anastasia
Dates associated with a name (1956-)
245 ## - TITLE STATEMENT
Title We're going on a dinosaur dig /
Statement of responsibility, etc. By Anastasia Suen Illustrated by Ed Myer
250 ## - EDITION STATEMENT
Edition statement 2013
260 ## - PUBLICATION, DISTRIBUTION, ETC.
Place of publication, distribution, etc. Shenzhen :
Name of publisher, distributor, etc. Educational Media,
Date of publication, distribution, etc. 2013.
300 ## - PHYSICAL DESCRIPTION
Extent 20 pages :
Other physical details Color illustrator ;
Dimensions 21 cm
505 ## - FORMATTED CONTENTS NOTE
Formatted contents note A<br/>
520 ## - SUMMARY, ETC.
Summary, etc. A group of children go out with buckets and spades, searching for dinosaurs, then running home when a live one is found.
521 8# - TARGET AUDIENCE NOTE
Target audience note 70L<br/>
Source Lexile<br/>
521 8# - TARGET AUDIENCE NOTE
Target audience note A<br/>
Source Raz-Plus<br/>
650 ## - SUBJECT ADDED ENTRY--TOPICAL TERM
Source of heading or term Fiction
Topical term or geographic name entry element Dinosaur
650 ## - SUBJECT ADDED ENTRY--TOPICAL TERM
Source of heading or term Dig
Topical term or geographic name entry element Jungle
700 ## - ADDED ENTRY--PERSONAL NAME
Personal name Myer, Ed
Dates associated with a name Illustrator
942 ## - ADDED ENTRY ELEMENTS (KOHA)
Source of classification or shelving scheme Dewey Decimal Classification
Koha item type Books
Suppress in OPAC No
Holdings
Withdrawn status Lost status Source of classification or shelving scheme Damaged status Not for loan Collection Home library Current library Shelving location Date acquired Total Checkouts Full call number Barcode Date last seen Copy number Price effective from Koha item type
    Dewey Decimal Classification     Fiction Footprints International School Library Network Toul Kork Campus Footprints International School Library Network Toul Kork Campus TK Primary Library Room(4th Floor), Bookcase 7, Shelves 57-60, Dark Green Books 11/25/2024   SUE 823 S944 2024-2374 11/25/2024 1 11/25/2024 Books